Praktičeskie storony biohimii glaza obzor zarubežnoj literatury : [különlenyomat] /
Elmentve itt :
| Szerző: | |
|---|---|
| Dokumentumtípus: | Cikk |
| Megjelent: |
1961
|
| Sorozat: | Kolligátum
|
| Kulcsszavak: | Szemészet |
| Online Access: | http://misc.bibl.u-szeged.hu/26678 |
| LEADER | 00576nab a2200169 i 4500 | ||
|---|---|---|---|
| 001 | misc26678 | ||
| 005 | 20191108150101.0 | ||
| 008 | 170828s1961 hu o 0|| zxx d | ||
| 040 | |a SZTE Miscellanea Repozitórium |b hun | ||
| 041 | |a zxx | ||
| 100 | 1 | |a Kahán Ágost | |
| 245 | 1 | 0 | |a Praktičeskie storony biohimii glaza |h [elektronikus dokumentum] : |b obzor zarubežnoj literatury : [különlenyomat] / |c Kahán Ágost |
| 260 | |c 1961 | ||
| 300 | |a 62-71 | ||
| 490 | 0 | |a Kolligátum | |
| 695 | |a Szemészet | ||
| 856 | 4 | 0 | |u http://misc.bibl.u-szeged.hu/26678/1/019_011_062-071.pdf |z Dokumentum-elérés |